| 000 | 00491nam a22001937a 4500 | ||
|---|---|---|---|
| 003 | NUST - PNEC | ||
| 005 | 20170116180819.0 | ||
| 008 | 150615b xxu||||| |||| 00| 0 eng d | ||
| 020 | _a- | ||
| 040 | _cLIBRARY | ||
| 082 | _a262 WYL | ||
| 100 |
_93962 _aWylie C.R |
||
| 245 |
_aAdvanced engineering mathematices _cC.R. Wyle jr. |
||
| 250 | _a2nd ed | ||
| 260 |
_aNew York _bMcgraw-hall book company _cc1960. |
||
| 300 | _a696 p. : | ||
| 650 |
_93967 _aMathematics _xME |
||
| 942 |
_2ddc _cBK |
||
| 999 |
_c63660 _d63660 |
||